| 000 | 01019cab a2200193 4500 | ||
|---|---|---|---|
| 001 | L130623 | ||
| 008 | 050818n2005 000 0 eng u | ||
| 035 | _a(Sirsi) u130623 | ||
| 041 | _aeng | ||
| 100 | _aAtkinson, Daniel | ||
| 245 | _aTime of the essence in arbitration | ||
| 260 | _c2005 | ||
| 490 |
_aConstruction News _v(6929) 11 August 2005, 33(1) |
||
| 520 | _aDiscusses the issue of time of the essence in arbitration particularly when making appeals over an adjudicator's decision. Refers to the case "Lafarge (Aggregates) Ltd v Newham LBC" (see also L130603) where a dispute arose over the dating of an adjudicator's decision and consequently timing of the service of the notice of arbitration. Advises that notice periods in contracts need to be observed strictly as well as understood clearly. | ||
| 590 | _aIKA300805 | ||
| 650 | _aLAFARGE (AGGREGATES) LTD V NEWHAM LBC | ||
| 690 | _aMANAGEMENT-DISPUTE AVOIDANCE, MANAGEMENT AND RESOLUTION-DISPUTE MANAGEMENT AND RESOLUTION-ARBITRATION | ||
| 942 | _n0 | ||
| 999 |
_c75737 _d75737 |
||